Manual de danzas de la Costa Pacífica de Colombia (Registro nro. 3163)

Detalles MARC
000 -CABECERA
Longitud fija campo de control 01116nam a2200289 i 4500
005 - • FECHA Y HORA DE LA ÚLTIMA TRANSACCIÓN
Fecha y hora de la última transacción 20220317000125.0
008 - • CÓDIGOS DE INFORMACIÓN DE LONGITUD FIJA
Códigos de información de longitud fija 141031s2002 ck a0 sgs d s spa d
020 ## - • NÚMERO INTERNACIONAL NORMALIZADO PARA LIBROS
Número Internacional Normalizado para Libros (ISBN) 9589257178
040 ## - FUENTE DE LA CATALOGACIÓN
Centro catalogador de origen CO-BoRNBP
Lengua de catalogación spa
Centro transcriptor CO-BoRNBP
Normas de descripción rda
041 0# - • CÓDIGO DE LENGUA
Código de lengua del texto/banda sonora o título independiente spa
082 04 - • NÚMERO DE LA CLASIFICACIÓN DECIMAL DEWEY
Número de clasificación (R) 793.3198615
Número del ítem Z16m
100 1# - • PUNTO DE ACCESO PRINCIPAL-NOMBRE DE PERSONA
Nombre de persona Zapata Olivella, Delia
Fechas asociadas al nombre 1928-2001
Término indicativo de función autora
245 10 - • TITULO PROPIAMENTE DICHO
Título Manual de danzas de la Costa Pacífica de Colombia
Mención de responsabilidad, etc. Delia Zapata Olivella, Edelmira Massa Zapata
250 ## - • MENCIÓN DE EDICIÓN
Mención de edición Primera edición
264 #1 - PRODUCCIÓN, PUBLICACIÓN , DISTRIBUCIÓN, FABRICACIÓN Y COPYRIGHT
Lugar de producción, publicación, distribución, fabricación Bogotá
Nombre del productor, editor, distribuidor, fabricante Patronato Colombiano de Artes y Ciencias
Fecha de de producción, publicación, distribución, fabricación o copyright [2002?]
300 ## - • DESCRIPCIÓN FÍSICA
Extensión 443 páginas
Otras características físicas ilustraciones a color
Dimensiones 24 cm
Material Acompañante 1 CD + 1 DVD
336 ## - TIPO DE CONTENIDO
Término de tipo de contenido texto
Código de tipo de contenido txt
Fuente rdacontent
337 ## - TIPO DE MEDIO
Nombre del tipo de medio sin mediación
Código del tipo de medio n
Fuente rdamedia
338 ## - TIPO DE SOPORTE
Nombre del tipo de soporte volumen
Código del tipo de soporte nc
Fuente rdacarrier
650 14 - • PUNTO DE ACCESO ADICIONAL DE MATERIA - TÉRMINO DE MATERIA
Término de materia o nombre geográfico como elemento inicial Danzas populares y nacionales colombianas
Subdivisión de materia general Enseñanza
Fuente del encabezamiento o término LEMB
650 14 - • PUNTO DE ACCESO ADICIONAL DE MATERIA - TÉRMINO DE MATERIA
Término de materia o nombre geográfico como elemento inicial Danzas populares y nacionales colombianas
Subdivisión de materia general Historia
Fuente del encabezamiento o término LEMB
650 14 - • PUNTO DE ACCESO ADICIONAL DE MATERIA - TÉRMINO DE MATERIA
Término de materia o nombre geográfico como elemento inicial Folclor
Subdivisión geográfica Chocó (Colombia)
Fuente del encabezamiento o término LEMB
650 14 - • PUNTO DE ACCESO ADICIONAL DE MATERIA - TÉRMINO DE MATERIA
Término de materia o nombre geográfico como elemento inicial Folclor
Subdivisión geográfica Colombia
Fuente del encabezamiento o término LEMB
650 14 - • PUNTO DE ACCESO ADICIONAL DE MATERIA - TÉRMINO DE MATERIA
Término de materia o nombre geográfico como elemento inicial Trajes típicos
Subdivisión geográfica Pacífico (Región, Colombia)
Fuente del encabezamiento o término LEMB
700 1# - • PUNTO DE ACCESO ADICIONAL - NOMBRE DE PERSONA
Nombre de persona Massa Zapata, Edelmira
942 ## - ENTRADA DE ELEMENTOS AGREGADOS (KOHA)
Fuente de clasificaión o esquema Dewey Decimal Classification
Koha [por defecto] tipo de item LIbro
Existencias
Perdido Fuente de clasificación o esquema Estado Físico No para préstamo Forma de adquisición Localización permanente Localización actual Localización en estanterías Fecha adquisición Préstamos totales Signatura completa Código de barras Fecha última consulta Número de copia Fecha del precio de reemplazo Tipo de item de Koha Número de registro
  Dewey Decimal Classification     Colección General Biblioteca Pública Dorado Biblioteca Pública Dorado General 01/16/2023   793.3198615 Z16m DOR00316 01/16/2023 Ej.1 01/16/2023 LIbro  
  Dewey Decimal Classification     Colección General Biblioteca Pública Fuentedeoro - Henry Llanos García Biblioteca Pública Fuentedeoro - Henry Llanos García General 05/30/2023   793.3198615 Z16m Fo0000933 05/30/2023 Ej.1 05/30/2023 LIbro  
  Dewey Decimal Classification     Colección General Biblioteca Pública José Eustasio Rivera - San Martin Biblioteca Pública José Eustasio Rivera - San Martin General 08/24/2023   793.3198615 Z16m SM002451 08/24/2023 Ej.1 08/24/2023 LIbro  
  Dewey Decimal Classification     Colección General Biblioteca Pública Lejanias Biblioteca Pública Lejanias General 11/14/2025   793.3198615 Z16m LEJ01386 11/14/2025 Ej.1 11/14/2025 LIbro  
  Dewey Decimal Classification     Colección General Biblioteca Pública Puerto López - Jorge Eliecer Gaitán Biblioteca Pública Puerto López - Jorge Eliecer Gaitán General 08/25/2025   793.3198615 Z16m PLZ02731 08/25/2025 Ej.1 08/25/2025 LIbro  
  Dewey Decimal Classification     Colección General Biblioteca Pública San Carlos de Guaroa - Eduardo Carranza Biblioteca Pública San Carlos de Guaroa - Eduardo Carranza General 06/19/2025   793.3198615 Z16m SG03347 06/19/2025 Ej.1 06/19/2025 LIbro  
  Dewey Decimal Classification     Colección General Biblioteca Pública El Castillo - Alfonso Meneses Biblioteca Pública El Castillo - Alfonso Meneses General 07/12/2023   793.3198615 Z16m EC01048 07/12/2023 Ej.1 07/12/2023 LIbro  
  Dewey Decimal Classification     Colección General Biblioteca Pública Guamal Biblioteca Pública Guamal General 03/31/2023   793.3198615 GUA002899 03/31/2023 Ej.1 03/31/2023 LIbro  
  Dewey Decimal Classification     Colección General Biblioteca Pública Mapiripan Biblioteca Pública Mapiripan General 01/09/2024   793.3198615 Z16m MAP0000977 01/09/2024 Ej.1 01/09/2024 LIbro  
  Clasificación Local Facetada     Colección General Biblioteca Pública Puerto Concordia Biblioteca Pública Puerto Concordia General 02/25/2026   793.3198615 Z16m PCON02335 02/25/2026 Ej.1 02/25/2026 LIbro  
  Dewey Decimal Classification     Colección General Biblioteca Pública Puerto Rico Biblioteca Pública Puerto Rico General 03/27/2023   793.3198615 Z16m PR00000811 03/27/2023 Ej.1 03/27/2023 LIbro  
  Dewey Decimal Classification       Biblioteca Pública Vistahermosa Biblioteca Pública Vistahermosa   04/01/2024   793.31986 vist 001023 04/01/2024 Ej.1 04/01/2024 LIbro 79391986 Z16m ej.1(4227)
  Dewey Decimal Classification       Biblioteca Pública Vistahermosa Biblioteca Pública Vistahermosa   04/01/2024   7933198615 VIST001024 04/01/2024 Ej.1 04/01/2024 LIbro 793.3198615 z16m EJ1









Instituto Departamental de Cultura del Meta - Red Departamental de Bibliotecas Públicas del Meta.